| 000 | 01174nam a2200301 i 4500 | ||
|---|---|---|---|
| 003 | DO-SdBNP | ||
| 005 | 20250714083823.0 | ||
| 007 | ta | ||
| 008 | 250714s1998 dr 000 0 spa d | ||
| 040 |
_aDO-SdBNP _bspa _cBNPHU _erda |
||
| 041 | _aspa | ||
| 082 |
_axxx _bF438 _222 |
||
| 100 | 1 |
_aFiallo Billini, Alberto E. _936391 _eautor _4aut. |
|
| 245 | 1 | 3 |
_aLa reforma del sistema de salud en la República Dominicana : _bsu descentralización y desconcentración / _cAlberto Fiallo ; presentación, Onofre Rojas |
| 264 | 1 |
_aSanto Domingo : _bCOPRYME, _bEditora Amigo del Hogar, _c1998. |
|
| 300 |
_a77 páginas ; _c22 cm. |
||
| 336 |
_atexto _btxt _2rdacontent |
||
| 337 |
_asin mediación _bn _2rdamedia |
||
| 338 |
_avolumen _bnc _2rdacarrier |
||
| 490 | 1 |
_aConversatorios de la reforma _v3 |
|
| 500 | _aConversatorio realizado el 29 de julio de 1998. | ||
| 590 | _aInventariado, 2025/ YL | ||
| 700 | 1 |
_aRojas, Onofre _epresentación _4pr. _931119 |
|
| 710 | 2 |
_aRepública Dominicana. _bComisión Presidencial para la Reforma y Modernización del Estado (COPRYME) _97089 |
|
| 830 | 0 |
_aConversatorios de la reforma _v17 _916542 |
|
| 910 | _aYLockward | ||
| 942 |
_2ddc _cLBS1 |
||
| 999 |
_c59517 _d59517 |
||